Privátne značky

O vzniku privátnych značiek. Pojem privátna značka. Dôvody vytvárania privátnych značiek. Výhody a nevýhody privátnych značiek. Typy privátnych značiek. Úspech privátnych značiek.

Saved in:
Bibliographic Details
Main Author: Smolková, Eva
Format: Book Chapter
Language:Slovak
Subjects:
Tags: Add Tag
No Tags, Be the first to tag this record!

MARC

LEADER 00000naa a2200000 4500
001 0175752
005 20220722103806.5
041 0 |a slo 
044 |a SK 
245 1 0 |a Privátne značky  |c Eva Smolková 
520 |a O vzniku privátnych značiek. Pojem privátna značka. Dôvody vytvárania privátnych značiek. Výhody a nevýhody privátnych značiek. Typy privátnych značiek. Úspech privátnych značiek. 
610 2 0 |a obchod 
610 2 0 |a značky maloobchodné 
610 2 0 |a história 
610 2 0 |a predaj 
610 2 0 |a predajcovia 
610 2 0 |a výrobcovia 
100 1 |a Smolková, Eva